000 00698nam a2200217 a 4500
001 000020841
005 20200930011156.0
008 100818s1968 mx a 000 0 spa d
040 _aDO-SdBNP
_bspa
_cBPJMB
082 _a621.3747
_bM489, 1968
245 0 0 _aMediciones /
_ctraducción Alfonso Vasseur Walls.
250 _a2a ed.
260 _aMéxico :
_bCentro Regional de Ayuda Técnica,
_c1968.
300 _a72 p. :
_bil. ;
_c26 cm.
490 1 _aDelmar;
_aTaller mecánico
650 4 _aMedicción
_943681
650 4 _aInstrumentos de medición
_943682
650 4 _aTalleres mecánicos
_943683
700 1 _aVasseur Walls, Alfonso
_etra.
_943684
830 0 _aDelmar;
_pTaller mecánico
_943685
999 _c20344
_d20344